Modern Essays (Record no. 49706)
[ view plain ]
| 000 -LEADER | |
|---|---|
| fixed length control field | 00374nam a2200145Ia 4500 |
| 008 - FIXED-LENGTH DATA ELEMENTS--GENERAL INFORMATION | |
| fixed length control field | 220530s9999 xx 000 0 und d |
| 020 ## - INTERNATIONAL STANDARD BOOK NUMBER | |
| International Standard Book Number | 81-219-1943-6 |
| 041 ## - LANGUAGE CODE | |
| Language code of text/sound track or separate title | eng |
| 082 ## - DEWEY DECIMAL CLASSIFICATION NUMBER | |
| Classification number | 824 |
| Item number | MAH |
| 100 ## - MAIN ENTRY--PERSONAL NAME | |
| Personal name | Mahajan H C |
| 9 (RLIN) | 54361 |
| 245 ## - TITLE STATEMENT | |
| Title | Modern Essays |
| Remainder of title | On all debatable issues |
| 260 ## - PUBLICATION, DISTRIBUTION, ETC. (IMPRINT) | |
| Place of publication, distribution, etc. | New Delhi |
| Name of publisher, distributor, etc. | S Chand |
| Date of publication, distribution, etc. | 2008 |
| 300 ## - PHYSICAL DESCRIPTION | |
| Extent | Ito VI,1to234 |
| Other physical details | PB |
| 906 ## - LOCAL DATA ELEMENT F, LDF (RLIN) | |
| a | 43.75 |
| b | GB |
| Withdrawn status | Lost status | Damaged status | Not for loan | Collection code | Home library | Current library | Date acquired | Vendor | Cost, normal purchase price | Full call number | Barcode | Date last seen | Cost, replacement price | Bill Date | Koha item type | Original Barcode |
|---|---|---|---|---|---|---|---|---|---|---|---|---|---|---|---|---|
| Allied Science | Cummins College of Engineering for Women Nagpur | Cummins College of Engineering for Women Nagpur | 30/03/2010 | S. Chand and Co | 175.00 | 824/MAH | CEWN-BK-1553 | 30/05/2022 | 131.25 | 30/05/2022 | Books | 001553 | ||||
| Allied Science | Cummins College of Engineering for Women Nagpur | Cummins College of Engineering for Women Nagpur | 30/03/2010 | S. Chand and Co | 175.00 | 824/MAH | CEWN-BK-1554 | 30/05/2022 | 131.25 | 30/05/2022 | Books | 001554 | ||||
| Allied Science | Cummins College of Engineering for Women Nagpur | Cummins College of Engineering for Women Nagpur | 30/03/2010 | S. Chand and Co | 175.00 | 824/MAH | CEWN-BK-1555 | 30/05/2022 | 131.25 | 30/05/2022 | Books | 001555 | ||||
| Allied Science | Cummins College of Engineering for Women Nagpur | Cummins College of Engineering for Women Nagpur | 30/03/2010 | S. Chand and Co | 175.00 | 824/MAH | CEWN-BK-1556 | 30/05/2022 | 131.25 | 30/05/2022 | Books | 001556 | ||||
| Allied Science | Cummins College of Engineering for Women Nagpur | Cummins College of Engineering for Women Nagpur | 30/03/2010 | S. Chand and Co | 175.00 | 824/MAH | CEWN-BK-1557 | 30/05/2022 | 131.25 | 30/05/2022 | Books | 001557 | ||||
| Allied Science | Cummins College of Engineering for Women Nagpur | Cummins College of Engineering for Women Nagpur | 07/04/2010 | S. Chand and Co | 175.00 | 824/MAH | CEWN-BK-2229 | 30/05/2022 | 131.00 | 30/05/2022 | Books | 002229 |